Revista Derechos en Accin̤ (REDEA)

Bibliographic Details
Format: eBook
Language:Spanish
Published: La Plata: Universidad Nacional de la Plata, 2016 -
Subjects:
Online Access:Acceso restringido

MARC

LEADER 00000nam a22000007a 4500
005 20190226131236.0
007 cr|||| ||||
008 190226c20169999ar qr|w s|||| 0|||b1spa d
022 |a 2525-1678 
035 |a 22040 
040 |a vLex 
090 |c 8469  |d 8469 
245 0 0 |a Revista Derechos en Accin̤ (REDEA)  |h [Recurso electrn̤ico]  
246 |a REDEA 
256 |a Servicio en ln̕ea 
260 |a La Plata:  |b Universidad Nacional de la Plata,  |c 2016 - 
300 |a 1 Recurso electrn̤ico 
362 |a Num. 1 (2016) - 
506 |a Disponible en los productos indicados  |d vLex Global  |d vLex Global (Academic Edition, excluding Law Schools)  |d vLex Global (U.S. Academic Edition, Law Schools)  |d vLex Global (U.S. Academic Edition, excluding Law Schools)  |d vLex Global (Academic Edition, Law Schools) 
650 0 4 |a Derecho  |z Argentina 
650 0 4 |a Ciencias sociales  |z Argentina 
740 0 |a vLex Revistas (servicio en ln̕ea) 
856 4 0 |u http://vlex.com/source/22040  |z Acceso restringido 
942 |c REV 
999 0 |a Social sciences 
999 0 |a Law